Dialogue of forms /

Bibliographic Details
Main Author: Uher, Vladimír, 1925-
Other Authors: Pavlík, Milan, 1930-
Format: Book
Language:English
Czech
Published: New York : London : St. Martin's Press ; St. James Press, 1977
Subjects:

MARC

Tag First Indicator Second Indicator Subfields
LEADER 00000cam a2200000 a 4500
001 in00000072708
005 20151008054610.0
008 770603c19771975nyua b 00010 engm
010 |a  74021651  
020 |a 0900997923 :  |c $17.50 
035 |a (OCoLC)02788305 
035 |9 AAJ1128AM 
040 |a DLC  |c DLC  |d TXA  |d UtOrBLW 
041 1 |a eng  |a cze 
043 |a e-cs--- 
049 |a TXAM  |c [932847] 
050 0 0 |a NA1033.P7  |b U3313 1977 
082 0 |a 720/.9437/12 
100 1 |a Uher, Vladimír,  |d 1925- 
240 1 0 |a Dialog tvaru.  |l English 
245 1 0 |a Dialogue of forms /  |c introduction and commentary by Milan Pavlik ; photographs by Vladimir Uher. 
264 1 |a New York :  |b St. Martin's Press ;  |a London :  |b St. James Press,  |c 1977 
264 4 |c ©1975 
300 |a approximately 200 pages :  |b chiefly illustrations ;  |c 32 cm. 
336 |a text  |b txt  |2 rdacontent 
337 |a unmediated  |b n  |2 rdamedia 
338 |a volume  |b nc  |2 rdacarrier 
500 |a Translation of Dialog tvaru. 
500 |a Illustrations on front lining papers. 
504 |a Includes a bibliography. 
650 0 |a Architecture  |z Czech Republic  |z Prague. 
650 0 |a Architecture, Baroque  |z Czech Republic  |z Prague. 
700 1 |a Pavlík, Milan,  |d 1930- 
999 |a MARS 
999 f f |s 177ea378-4b83-352c-92c2-f40334746372  |i bfd891d6-ba0e-3fed-bfee-e2bd4639a345  |t 0 
952 f f |p ric  |a Texas A&M University  |b Rellis Campus  |c Joint Library Facility  |d Remote Storage  |t 0  |e NA1033.P7 U3313 1977  |h Library of Congress classification  |i unmediated -- volume  |m A14806167776 
998 f f |a NA1033.P7 U3313 1977  |t 0  |l Remote Storage